header

Uncovering African agency (Record no. 48842)

MARC details
000 -LEADER
fixed length control field 01516nam a2200373 a 4500
082 04 - DEWEY DECIMAL CLASSIFICATION NUMBER
Classification number 336.3/609673
100 1# - MAIN ENTRY--AUTHOR NAME
Personal name Corkin, Lucy.
245 10 - TITLE STATEMENT
Title Uncovering African agency
260 ## - PUBLICATION, DISTRIBUTION, ETC. (IMPRINT)
Place of publication Farnham ;
-- Burlington, Vt. :
Name of publisher Ashgate,
Year of publication c2013.
300 ## - PHYSICAL DESCRIPTION
Number of Pages xi, 244 p. :
Other physical details ill.
856 40 - ELECTRONIC LOCATION AND ACCESS
Uniform Resource Identifier http://site.ebrary.com/lib/rucke/Doc?id=10640723

No items available.

© 2026 Rongo University
Contact us: librarian | system librarian | Rongo university